000 00726nac a22002051u 4500
020 _a0074638432
082 _a671.53
_bR2151
090 _c1023
_d1023
100 _aRao, P.N.
245 _aManufacturing technology :
_bmetal cutting and machine tools /
_cP. N. Rao.
260 _aNew Delhi:
_bTata McGraw-Hill,
_c2000
300 _axii, 440 p. :
_bill. ;
_c24 cm.
500 _aIncludes index.
650 _aManufacturing industries -- Management
650 _aFounding.
650 _aMetal-cutting.
650 _aMetal-cutting tools.
942 _cBB
_k671.53R2151
999 _c1023
_d1023